Introduccin̤ al derecho penal Instituciones, fundamentos y tendencias del Derecho Penal /

Detalles Bibliográficos
Autor principal: Garca̕ Pablos de Molina, Antonio
Formato: eBook
Lenguaje:español
Publicado: Madrid: Editorial Universitaria Ramn̤ Areces, 2012
Materias:
Acceso en línea:Acceso restringido

MARC

LEADER 00000nam a22000007a 4500
005 20150519005123.0
007 cr|||| ||||
008 150519s2012 es |||||s|||| 00||0 spa d
020 |a 9788499611136 
035 |a 12710 
040 |a vLex 
090 |c 5449  |d 5449 
100 1 |a Garca̕ Pablos de Molina, Antonio 
245 1 0 |a Introduccin̤ al derecho penal  |h [Recurso electrn̤ico] :  |b Instituciones, fundamentos y tendencias del Derecho Penal /  |c Antonio Garca̕ Pablos de Molina 
256 |a Servicio en ln̕ea 
260 |a Madrid:  |b Editorial Universitaria Ramn̤ Areces,  |c 2012 
300 |a 1 recurso electrn̤ico 
500 |a La materia que aborda esta obra, esto es, el examen de los instrumentos del Derecho Penal moderno (penas, medidas de seguridad, consecuencias accesorias, etc.); el emplazamiento del mismo en el Derecho Pb︢lico, y sus consecuencias ante el fenm̤eno de las actuales tendencias privatizadoras del sistema penal; la legitimacin̤ y funciones sociales del Derecho Penal; polm̌ica sobre los fines reales y fines atribuidos al castigo; estructura lg̤ica de la norma penal; lm̕ites formales y materiales del ius puniendi; Escuelas Penales; fuentes del Derecho Penal; interpretacin̤ de la ley penal; vigencia temporal y espacial de esta l︢tima; extradicin̤; la denominada euroorden (de detencin̤ y entrega), etc. es universal, interesa a todos los ordenamientos jurd̕icos cualquiera que sea el modelo en el que se integren (angloamericano, continental, etc.) porque se ocupa de problemas reales y siempre vigentes. Incumbe y preocupa por igual a pas̕es comunitarios y no comunitarios. La evolucin̤, adems̀, del Derecho Penal europeo confirma esta tendencia. Hoy, por razones incluso geopolt̕icas, el mapa europeo ha evolucionado tanto y tan rp̀ido que muy pocos son ya los ordenamientos penales que sintonizan con la dogmt̀ica penal cls̀ica ¿more germanica¿ que ha perdido su liderazgo. El penalista moderno debe hacer un esfuerzo por volver a las rac̕es de la Ciencia Criminal, analizando los problemas que interesan y preocupan a todos: los problemas que se examinan en esta quinta edicin̤ de Introduccin̤ al Derecho Penal. 
506 1 |a Disponible solo en los productos indicados  |d vLex Global  |d vLex Global (Academic Edition, excluding Law Schools)  |d vLex Global (U.S. Academic Edition, Law Schools)  |d vLex Global (U.S. Academic Edition, excluding Law Schools)  |d vLex Global (Academic Edition, Law Schools) 
650 0 4 |a Derecho Penal  |z Espaą 
740 0 |a vLex Libros (Servicio en ln̕ea) 
856 4 0 |u http://vlex.com/source/introduccion-al-derecho-penal-instituciones-fundamentos-y-tendencias-del-derecho-penal-12710  |z Acceso restringido 
942 |c BOOK 
999 0 |a Criminal Law